| 000 | 00282nam a22001217a 4500 | ||
|---|---|---|---|
| 999 |
_c16970 _d16970 |
||
| 003 | ASAB | ||
| 005 | 20170510132346.0 | ||
| 008 | 140211t xxu||||| |||| 00| 0 eng d | ||
| 020 | _a978-0-412-35740-4 | ||
| 040 | _cASAB | ||
| 082 | _a632.8 | ||
| 100 |
_aD.Walkey _9712 |
||
| 245 | _aApplied Plant Virology | ||
| 250 | _asecond edition | ||
| 260 |
_aUS _bChapman and Hall _c1991. |
||
| 300 | _a338 P | ||
| 942 |
_2ddc _cBK |
||